000 01431cam a22002891i 4500
003 SA-RiAUC
005 20260306134027.0
008 260301s2006 su g 00010 ara c
020 _z996006445
020 _a996006445X
020 _a996006445ْX
040 _aSA-JeALM
_bara
_cSA-RiAUC
_erda
082 0 4 _a252.5
_qSA-RiAUC
090 _a252.5
_bر ا ض
100 1 _aالراضي المكي، عثمان بن محمد بن أبي بكر
_d1260 - 1330 هـ
_eمؤلف.
245 1 0 _aإحكام الناسك بأحكام المناسك /
_bعلى مذهب إمام السنة سيدنا الإمام أبي عبدالله أحمد بن حنبل
_cتأليف عثمان بن محمد بن أبي بكر الراضي المكي . تحقيق وشرح سمير بن جميل بن احمد بن عثمان الراضي المكي.
264 1 _a[مكان النشر غير محدد] :
_b[الناشر غير محدد]،
_c[بين 1900 و1999]
300 _a75 صفحة ؛
_c24 سم
336 _aنص
_btxt
_2rdacontent
_3كتاب
337 _aبدون وسيط
_bn
_2rdamedia
490 0 _aمن تراثنا الإسلامي
650 7 _aالحج (فقه إسلامي)
_xمناسك
_2aucsh
650 7 _aالعبادات (فقه إسلامي)
_2aucsh
700 1 _aالراضي المكي، سمير بن جميل بن احمد بن عثمان
_eمحقق.
942 _2ddc
_cBOOK
_n0
949 _aSA-JeALM
_d260301
_uosman123
_n1
999 _c14499
_d14499